000 00302nam a2200121Ia 4500
008 210430s9999 xx 000 0 und d
082 _a301 I567 W
100 _aAlex Inkeles
_9546
245 _aWhat is Sociology
_cAlex Inkeles
260 _aIslamabad
_bSCme
_c1964
300 _a120p
942 _cBK
_2ddc
999 _c562187
_d562187